| 000 | 00765nam a22002537a 4500 | ||
|---|---|---|---|
| 003 | KOHA_MİRAKIL | ||
| 005 | 20260421123807.0 | ||
| 008 | 260421b tu ||||| |||| 00| 0 tur d | ||
| 020 | _a9786257198653 | ||
| 040 |
_aTR-AnABB _btur _cTR-AnABB |
||
| 041 | _atur | ||
| 082 |
_a812.42 _bDEM 2021 |
||
| 100 | 1 | _aDemirsoy, Sedat | |
| 245 | 1 | 0 |
_aFikriye direksiyon villası / _cSedat Demirsoy |
| 246 | _aFikriye | ||
| 260 |
_aAnkara : _bİzan Yayıncılık, _c2021 |
||
| 300 |
_a63 sayfa ; _c20 cm |
||
| 490 | 0 |
_aİzan yayıncılık ; _v203 |
|
| 490 | 0 |
_aTiyatro ; _v8 |
|
| 500 | _aYazar tarafından Prof. Dr. Ruşen Keleş için imzalanmıştır. | ||
| 650 | 0 | 4 | _aTürk edebiyatı, tiyatro |
| 900 | _bCan ÇELIK | ||
| 942 |
_2ddc _cBK |
||
| 999 |
_c10311 _d10311 |
||